[Event "GER-chT U12"]
[Site "Verden"]
[Date "2014.12.28"]
[Round "4.3"]
[White "Kokshenyev, Michael"]
[Black "Rommel, Tobias"]
[Result "0-1"]
[WhiteElo "1086"]
[BlackElo "989"]
[PlyCount "80"]
[EventDate "2014.12.27"]
[EventType "team-swiss"]
[EventRounds "7"]
[EventCountry "GER"]
[SourceTitle "EXT 2016"]
[Source "ChessBase"]
[SourceDate "2015.10.08"]
[SourceVersion "1"]
[SourceVersionDate "2015.10.08"]
[SourceQuality "1"]
[WhiteTeam "Karlsruhe"]
[BlackTeam "Heitersheim"]
[WhiteTeamCountry "GER"]
[BlackTeamCountry "GER"]

1. e4 e5 2. Nf3 Nc6 3. Bc4 Bc5 4. c3 Nf6 5. d4 exd4 6. cxd4 Bb4+ 7. Nc3 Bxc3+ 8. bxc3 0-0 9. Bg5 h6 10. Bh4 d6 11. Qc2 Bg4 12. e5 Bxf3 13. gxf3 dxe5 14. dxe5 Nxe5 15. Be2 Re8 16. Rd1 Nxf3+ 17. Kf1 Qc8 18. Bxf3 Qh3+ 19. Bg2 Qxh4 20. Bxb7 Rab8 21. Bg2 Re7 22. Re1 Qc4+ 23. Re2 Rbe8 24. Bf3 Nd5 25. Ke1 Rxe2+ 26. Bxe2 Nxc3 27. Kf1 Rxe2 28. Qxc3 Qxc3 29. Kxe2 c5 30. Rd1 c4 31. Rd2 Qa3 32. Kd1 c3 33. Rd3 Qb2 34. Rxc3 Qxc3 35. Ke2 Kh7 36. f4 Kg6 37. h4 Kf5 38. h5 Ke4 39. f5 Qc2+ 40. Kf1 Kf3 0-1

[Event "GER-chT U12"]
[Site "Verden"]
[Date "2014.12.27"]
[Round "2.3"]
[White "Rommel, Tobias"]
[Black "Schulze, Nick"]
[Result "0-1"]
[WhiteElo "989"]
[BlackElo "1288"]
[PlyCount "84"]
[EventDate "2014.12.27"]
[EventType "team-swiss"]
[EventRounds "7"]
[EventCountry "GER"]
[SourceTitle "EXT 2016"]
[Source "ChessBase"]
[SourceDate "2015.10.08"]
[SourceVersion "1"]
[SourceVersionDate "2015.10.08"]
[SourceQuality "1"]
[WhiteTeam "Heitersheim"]
[BlackTeam "Gera"]
[WhiteTeamCountry "GER"]
[BlackTeamCountry "GER"]

1. e4 c5 2. Nf3 Nc6 3. Bc4 d6 4. Nc3 e6 5. d3 Be7 6. 0-0 Nf6 7. Bb5 Bd7 8. Bxc6 Bxc6 9. a3 a5 10. Bg5 0-0 11. Ne2 b5 12. Qc1 Re8 13. h3 Qc7 14. Bh6 g6 15. b3 Bf8 16. Bxf8 Rxf8 17. c3 Rfc8 18. d4 Bxe4 19. Ng5 Bb7 20. Qf4 Nh5 21. Qh4 Qc6 22. f3 d5 23. Nf4 h6 24. Nxh5 gxh5 25. Rfe1 hxg5 26. Qxg5+ Kf8 27. f4 cxd4 28. f5 exf5 29. Qxh5 Qg6 30. Qh8+ Qg8 31. Qxd4 Qg7 32. Qf4 d4 33. Re2 Rxc3 34. Rae1 d3 35. Qd6+ Kg8 36. Re8+ Rxe8 37. Rxe8+ Kh7 38. g4 fxg4 39. h4 Rc1+ 40. Kh2 Rh1+ 41. Kg3 Rh3+ 42. Kf4 Rf3# 0-1